|
|
|
|
| LEADER |
00000cam a2200000 a 4500 |
| 001 |
vtls001112329 |
| 003 |
SK-MaSNL |
| 005 |
20260301141253.0 |
| 008 |
251029s1978 xo ab f n 00000 slo |
| 015 |
|
|
|a SNBA1978
|
| 035 |
|
|
|a SNK000055172
|
| 035 |
|
|
|a urn:nbn:sk:snk-aml8t1
|
| 035 |
|
|
|a urn:nbn:sk:snk-am008s86
|
| 035 |
|
|
|a A5CE13F1-96D7-4096-893A-7D1A4860CC20
|
| 040 |
|
|
|a SNK
|b slo
|c SNK
|e AACR2
|
| 041 |
0 |
|
|a slo
|b eng
|b rus
|
| 044 |
|
|
|a xo
|c SK
|
| 080 |
|
|
|a 681.3:311.2(047.31)
|2 1981
|
| 080 |
|
|
|a 311.2(047.31)
|2 1981
|
| 080 |
|
|
|a 311.2
|2 1981
|
| 080 |
|
|
|a 681.3(047.31)
|2 1981
|
| 080 |
|
|
|a 519.68
|2 1981
|
| 080 |
|
|
|a 681.322(047.31)
|2 1981
|
| 100 |
1 |
|
|a Barta, Jozef
|4 aut
|9 318669
|
| 245 |
1 |
0 |
|a Návrh riešenia siete zberu a prenosu dát
|b Hl. ú. P 04-145-202 Programové systémy a programovacie prostriedky na spracovanie rozsiahlych súborov dát
|c Jozef Barta ... [et al.]
|
| 246 |
3 |
0 |
|a Programové systémy a programovacie prostriedky na spracovanie rozsiahlych súborov dát
|
| 260 |
|
|
|a Bratislava
|b Výsk. výpočtové stredisko
|c 1978
|
| 300 |
|
|
|a 148 s.
|b mp., sch., tab.
|c 29 cm
|
| 366 |
|
|
|e 145 výt.
|
| 490 |
1 |
|
|a Výskumné práce
|v č. 132/1978
|
| 500 |
|
|
|a Výklad použ. pojmov. Zoz. skrat.
|
| 504 |
|
|
|a Bibliogr. odkazy
|
| 546 |
|
|
|a Res. angl. a rus.
|
| 650 |
0 |
7 |
|a výpočtová technika
|2 SNKPH
|9 1126
|
| 650 |
0 |
7 |
|a štatistické automatizované systémy
|2 SNKPH
|9 444727
|
| 650 |
0 |
7 |
|a programovanie
|2 SNKPH
|9 22041
|
| 650 |
0 |
7 |
|a matematické metódy
|2 SNKPH
|9 50175
|
| 655 |
|
7 |
|a výskumné práce
|2 SNKPH
|9 268429
|
| 700 |
1 |
|
|a Filadelfi, Milan
|4 aut
|9 495077
|
| 700 |
1 |
|
|a Ivanová, Mária
|4 aut
|9 7649
|
| 700 |
1 |
|
|a Zachar, Milan
|4 aut
|9 8102
|
| 700 |
1 |
|
|a Laitl, Ján
|4 aut
|9 292620
|
| 700 |
1 |
|
|a Benda, Zdeněk
|4 aut
|9 61175
|
| 700 |
1 |
|
|a Schill, Štefan
|4 aut
|9 495078
|
| 830 |
|
0 |
|a Výskumné práce
|9 276904
|
| 852 |
|
|
|a Slovenská národná knižnica
|
| 958 |
|
|
|a OND
|
| 958 |
|
|
|a RM
|
| 958 |
|
|
|a NB
|
| 999 |
|
|
|c 766613
|d 768543
|
| 952 |
|
|
|a SNK
|b SNK
|y PREZ
|7 0
|p 17A0968648
|o snkSB 26744
|i snkKSP 4183/78
|0 0
|1 0
|4 0
|d 2014-07-09
|f 1
|l 0
|r 2026-02-24 00:22:00
|w 2026-02-24
|